Szczegóły MARC21

Człowiek niepełnosprawny w otoczeniu społecznym /

003 -Nazwa inst., której nr kontr. jest w polu 001 [,]
    • @
    • Nazwa instytucji, której n kontrolny jest w polu 001
    • NUKAT
005 -DATA I CZAS OSTATNIEJ MODYFIKACJI [,]
    • @
    • pole kontrolne
    • 20241231112542.0
020 -Międzynarod. znormalizowany nr książki - ISBN [ , ]
    • a
    • Numer ISBN
    • 9788376415123 Find
040 -Instytucja sporządzająca opis [ , ]
    • a
    • Instytucja, która sporządziła opis (NP)
    • WR U/as
    • c
    • Instytucja, która sporządziła rekord (NP)
    • WR U/as
    • d
    • Instytucja, która zmodyfikowała rekord (P)
    • WR U/hb
    • d
    • Instytucja, która zmodyfikowała rekord (P)
    • WR U/JHs
    • d
    • Instytucja, która zmodyfikowała rekord (P)
    • WR U/jd
    • d
    • Instytucja, która zmodyfikowała rekord (P)
    • GD 27/MDUs
    • d
    • Instytucja, która zmodyfikowała rekord (P)
    • KR U/BOs
942 -Rodzaj dokumentu [ , ]
    • c
    • Rodzaj dokumentu
    • Książka
245 -Strefa tytułu i oznaczenia odpowiedzialności [0,0]
    • a
    • Tytuł
    • Człowiek niepełnosprawny w otoczeniu społecznym / Find
    • c
    • Pozostałe elementy strefy tytułu i oznaczenia odpowiedzialności (NP)
    • red. nauk.: Hanna Kubiak, Anna Jakoniuk-Diallo.
260 -Strefa adresu wydawniczego [ , ]
    • a
    • Miejsce wydania (P)
    • Warszawa :
    • b
    • Nazwa wydawcy (P)
    • "Difin",
    • c
    • Data wydania (P)
    • 2011.
300 -Strefa opisu fizycznego [ , ]
    • a
    • Określenie formy książki i/lub objętość (NP)
    • 206 s. :
    • b
    • Oznaczenie ilustracji (NP)
    • il. ;
    • c
    • Format (NP)
    • 24 cm.
336 -Typ zawartości [ , ]
    • a
    • Termin opisujący typ zawartości
    • Tekst
    • b
    • Kod określający zawartość
    • txt
    • 2
    • Źródło (terminu i kodu)
    • rdacontent
337 -Typ mediów [ , ]
    • a
    • Tryb odtwarzania
    • Bez urządzenia pośredniczącego
    • b
    • Kod typu mediów
    • n
    • 2
    • Źródło (terminu i kodu)
    • rdamedia
338 -Typ/rodzaj nośnika [ , ]
    • a
    • Hasło opisujące typ nośnika
    • Wolumin
    • b
    • Kod typu nośnika
    • nc
    • 2
    • Źródło (terminu i kodu)
    • rdacarrier
490 -Strefa serii i książki wielotomowej - forma nie do wyszukiwania [1, ]
    • a
    • Tytuł (P)
    • Engram Find
830 -Hasło dodatkowe serii i opisu książki wielotomowej - tytuł ujednolicony/tytuł [ ,0]
    • a
    • Tytuł ujednolicony/tytuł (NP)
    • Engram
    • 9
    • KHW
    • 12930
500 -Uwaga ogólna [ , ]
    • a
    • Uwaga ogólna (NP)
    • Na 4 s. okł.: "Partner wydania: Stowarzyszenie Na Tak".
504 -Uwaga dot. bibliogr. załącznikowej [ , ]
    • a
    • Uwaga dot. bibliografii załącznikowej
    • Bibliogr. przy rozdz.
080 -Uniwersalna Klasyfikacja Dziesiętna [ , ]
    • 2
    • Identyfikator wydania tablic
    • UDC-P058
    • 9
    • UKD
    • 12968
    • a
    • Symbol klasyfikacji
    • 316.344-056.36
    • b
    • Dopowiedzenie
    • Niepełnosprawni umysłowo.
650 -Hasło przedmiotowe [ ,7]
    • a
    • Hasło przedmiotowe
    • Osoby z niepełnosprawnością
    • x
    • Określnik rzeczowy
    • sytuacja społeczna.
    • 2
    • Źródło terminu
    • kaba
    • 9
    • KHW
    • 374561
650 -Hasło przedmiotowe [ ,7]
    • a
    • Hasło przedmiotowe
    • Osoby z niepełnosprawnością
    • x
    • Określnik rzeczowy
    • psychologia.
    • 2
    • Źródło terminu
    • kaba
    • 9
    • KHW
    • 374562
650 -Hasło przedmiotowe [ ,7]
    • a
    • Hasło przedmiotowe
    • Osoby z niepełnosprawnością
    • x
    • Określnik rzeczowy
    • rodzina.
    • 2
    • Źródło terminu
    • kaba
    • 9
    • KHW
    • 368949
650 -Hasło przedmiotowe [ ,7]
    • a
    • Hasło przedmiotowe
    • Stosunki międzyludzkie.
    • 2
    • Źródło terminu
    • kaba
    • 9
    • KHW
    • 131283
650 -Hasło przedmiotowe [ ,7]
    • a
    • Hasło przedmiotowe
    • Osoby z niepełnosprawnością
    • x
    • Określnik rzeczowy
    • socjologia.
    • 2
    • Źródło terminu
    • kaba
    • 9
    • KHW
    • 373724
650 -Hasło przedmiotowe [ ,7]
    • a
    • Hasło przedmiotowe
    • Osoby z niepełnosprawnością
    • x
    • Określnik rzeczowy
    • integracja.
    • 2
    • Źródło terminu
    • kaba
    • 9
    • KHW
    • 369239
980 -Symbol UKD [ , ]
    • a
    • UKD
    • 316.344-056.36
700 -Hasło dodatkowe - nazwa osobowa [1, ]
    • a
    • Nazwa osobowa (NP)
    • Kubiak, Hanna Find
    • c
    • Dopowiedzenie inne niż daty biograficzne (NP)
    • (pedagogika).
    • e
    • Określenie rodzaju współpracy
    • Red.
    • 9
    • KHW
    • 41412
700 -Hasło dodatkowe - nazwa osobowa [1, ]
    • a
    • Nazwa osobowa (NP)
    • Jakoniuk-Diallo, Anna. Find
    • e
    • Określenie rodzaju współpracy
    • Red.
    • 9
    • KHW
    • 41414
710 -Hasło dodatkowe - nazwa ciała zbiorowego [2, ]
    • a
    • Nazwa ciała zbiorowego lub nazwa geograficzna jako pierwszy element (NP)
    • Difin.
    • 4
    • Kod relacji
    • pbl
    • 9
    • KHW
    • 52248
920 -ISBN [ , ]
    • a
    • ISBN
    • 978-83-7641-512-3 Find
Numer inwentarzowy Status udost. Data inwentaryzacji Lokalizacja
WM.13071-32012-03-15BG
WM.13072-32012-03-15BG
Z.11585412012-03-15BG
H.2157812012-03-15BNS